Normal view MARC view
  • King, David C.

Entry Personal Name

Number of records used in: 1

001 - CONTROL NUMBER

  • control field: 153683

003 - CONTROL NUMBER IDENTIFIER

  • control field: DLC

005 - DATE AND TIME OF LATEST TRANSACTION

  • control field: 20260415154659.0

008 - FIXED-LENGTH DATA ELEMENTS

  • fixed length control field: 800530n| azannaabn |a aaa

010 ## - LIBRARY OF CONGRESS CONTROL NUMBER

  • LC control number: n 79115960

024 7# - OTHER STANDARD IDENTIFIER

  • Standard number or code: 0000000114826856
  • Source of number or code: isni

035 ## - SYSTEM CONTROL NUMBER

  • System control number: (OCoLC)oca00347688

040 ## - CATALOGING SOURCE

  • Original cataloging agency: DLC
  • Language of cataloging: eng
  • Description conventions: rda
  • Transcribing agency: DLC
  • Modifying agency: DLC
  • Modifying agency: MH

046 ## - SPECIAL CODED DATES

  • Birth date: 1933-07-30
  • Source of date scheme: edtf

100 1# - HEADING--PERSONAL NAME

  • Personal name: King, David C.

400 1# - SEE FROM TRACING--PERSONAL NAME

  • Personal name: King, David,
  • Dates associated with a name: 1933-

670 ## - SOURCE DATA FOUND

  • Source citation: His International education for spaceship earth.

670 ## - SOURCE DATA FOUND

  • Source citation: Italy, 1995:
  • Information found: CIP t.p. (David C. King) CIP data sheet (b. July 30, 1933)

670 ## - SOURCE DATA FOUND

  • Source citation: World War II days, 2000:
  • Information found: CIP t.p. (David King) CIP galley (David C. King, b. July 30, 1933)

670 ## - SOURCE DATA FOUND

  • Source citation: Goodreads, viewed 7 Aug. 2018:
  • Information found: author page for David C. King (has written over 70 books, primarily nonfiction in American history and biography; there have also been about 20 studies of other cultures, including Taiwan, Rwanda, Bosnia-Herzegovina, and the United Arab Emirates; most of his books have been for young-adult readers, many have been cross-overs, directed to both adult and young-adult audiences; former teacher of English and history; lives with wife Sharon in the Berkshires [Mass.])
Devinim Yazılım Eğitim Danışmanlık tarafından Koha'nın orjinal sürümü uyarlanarak geliştirilip kurulmuştur.